Statistics for U.S. States Closest to Alaska

Click here to take the quiz!

General Stats

  • This quiz has been taken 28 times
  • The average score is 10 of 10

Answer Stats

km State mi % Correct
812Washington504
100%
1,052Oregon654
100%
1,123Idaho698
100%
1,491California727
100%
1,899North Dakota1,180
100%
2,093South Dakota1,300
100%
1,184Montana736
93%
1,615Nevada1,004
93%
1,757Wyoming1,091
93%
1,864Utah1,158
89%

Score Distribution

Percentile by Number Answered

Percent of People with Each Score

Your Score History

You have not taken this quiz